Lies that tell the truth (Record no. 101692)
[ view plain ]
| 000 -LEADER | |
|---|---|
| fixed length control field | 01370nam a2200325Ia 4500 |
| 100 1# - MAIN ENTRY--AUTHOR NAME | |
| Personal name | Hegerfeldt, Anne C. |
| 245 10 - TITLE STATEMENT | |
| Title | Lies that tell the truth |
| 260 ## - PUBLICATION, DISTRIBUTION, ETC. (IMPRINT) | |
| Place of publication | Amsterdam ; |
| -- | New York : |
| Name of publisher | Rodopi, |
| Year of publication | 2005. |
| 300 ## - PHYSICAL DESCRIPTION | |
| Number of Pages | 383 p. |
| 490 1# - SERIES STATEMENT | |
| Series statement | Costerus ; |
| 650 #0 - SUBJECT ADDED ENTRY--TOPICAL TERM | |
| Topical Term | Magic realism (Literature) |
| Topical Term | English fiction |
| 856 40 - ELECTRONIC LOCATION AND ACCESS | |
| Uniform Resource Identifier | http://site.ebrary.com/lib/rucke/Doc?id=10380147 |
No items available.
